Countries That Are The Greatest Source of Immigrants - Statistics

General Stats
  • This quiz has been taken 90 times
  • The average score is 15 of 20
Answer Stats
# Country % Correct
4.7 mil United Kingdom
97%
10.2 mil China
95%
18.2 mil India
94%
11.2 mil Russia
94%
11.8 mil Mexico
92%
6.6 mil Pakistan
88%
15.7 mil Ukraine
82%
8.6 mil Syria
80%
6.2 mil Afghanistan
79%
7.5 mil Bangladesh
79%
3.9 mil Germany
79%
3.4 mil Turkey
79%
4.6 mil Indonesia
76%
6.0 mil Philippines
73%
3.5 mil Egypt
70%
4.9 mil Poland
68%
5.7 mil Venezuela
50%
3.7 mil Myanmar
44%
4.0 mil Romania
42%
4.2 mil Kazakhstan
24%
No matching quizzes found
Score Distribution
Percent of People with Each Score
Percentile by Number Answered
Your Score History
You have not taken this quiz